| LEADER 00000nam 2200000uu 4500 |
| 001 13399118634 |
| 003 ULIBM |
| 008 170511s2555||||th 000 0 tha d |
| 020 ^a9786167708003
|
| 082 0 ^a495.7824^bน273พ
|
| 100 0 ^aนาริฐา สุขประมาณ.
|
| 245 0 ^aพูดเกาหลีจากจินตภาพ Mind Map Korean /^cโดย นาริฐา สุขประมาณ.
|
| 250 ^aพิมพ์ครั้งที่ 1.
|
| 260 ^aกรุงเทพฯ :^bพราว,^c2555.
|
| 300 ^a419 หน้า :^bภาพประกอบ ;^c21 ซม.+^eซีดี-รอม 1 แผ่น.
|
| 650 ^aภาษาเกาหลี^xบทสนทนาและวลี.
|
| 650 ^aภาษาเกาหลี^xการใช้ภาษา.
|
| 650 ^aภาษาเกาหลี^xตำราสำหรับชนต่างชาติ.
|
| 999 ^aจริญญา
|
หนังสือดีน่าอ่าน

“ดั่งดวงแก้ว ส่องสว่าง ทางสายงาม”
จัดทำขึ้นเพื่อเฉลิมพระเกียรติ สมเด็จพระเทพรัตนราชสุดา ฯ สยามบรมราชกุมารี
เนื่องในโอกาสมหามงคลเฉลิมพระชนมพรรษา ๕ รอบ ๒ เมษายน ๒๕๕๘
โดยหนังสือเล่มนี้ได้รวบรวม ๖๐ พระอัจฉริยภาพของสมเด็จพระเทพ ฯ
ผู้อ่านจะได้รับแรงบันดาลใจให้พากเพียรเรียนรู้และขยันอดทนทำการงาน
ตามรอยเบื้องพระยุคลบาท เพราะพระองค์ทรงเป็นแบบอย่างอันดีเยี่ยมในทุกด้าน
ทั้งในความใฝ่รู้ใฝ่เรียน คุณธรรมจริยธรรม พระวิริยอุตสาหะในการทรงงาน
และอื่นๆอีกมากมาย ล้วนสามารถสร้างแรงบันดาลใจให้แก่เด็กและเยาวชน
อีกทั้งประชาชนทั่วไป ให้พากเพียรเรียนรู้และขยันอดทนทำการงานตามรอยพระยุคลบาท
เพื่อฝึกฝนตนเองให้เป็นคนดีคนเก่งของครอบครัวและสังคมต่อไป